| 000 | 01693naa a2200253 i 4500 | ||
|---|---|---|---|
| 001 | 6698 | ||
| 003 | KOSZ 005 | ||
| 005 | 20180405134928.0 | ||
| 008 | 150327s2013 pl | | |000 ||eng | ||
| 040 |
_cKOSZ 005 _aKOSZ 005 _dKOSZ 005/HR |
||
| 041 |
_aeng _bpol |
||
| 080 | _a519.6 | ||
| 080 | _a624.131 | ||
| 100 | 1 |
_aHRYNIEWICZ, Zdzisław. _d1996 - . _bPolitechnika Koszalińska - Wydział Inžynierii Lądowej, Środowiska i Geodezji, _cKatedra Matematyki |
|
| 245 |
_aWavelet-based solution for vibrations of a beam on a nonlinear viscoelastic foundation due to moving load / _cZdzisław Hryniewicz, Piotr Kozioł. |
||
| 246 | 3 | 1 | _aFalkowe rozwiązanie problemu drgań belki spoczywającej na nieliniowym lepkosprężystym podłożu generowanych przez poruszające się obciążenie |
| 500 | _aDane z autopsji. | ||
| 520 | _aArtykuł prezentuje nowe analityczne rozwiązanie problemu dynamicznej odpowiedzi nieskończenie długiej belki Timoshenki spoczywającej na nieliniowym lepkosprężystym podłożu, poddanej ruchomemu obciążeniu rozłożonemu na odcinku i harmonicznemu w czasie. Analiza drgań belki została przeprowadzona przy użyciu dekompozycji Adomiana połączonej z aproksymacją falkową pozwalającą ominąć trudności związane z numerycznym całkowaniem oraz zminimalizować niedogodności analizy Fouriera. | ||
| 650 | 0 | _aMechanika gruntów. | |
| 650 | 0 | _aAnaliza falkowa. | |
| 700 | 1 |
_aKOZIOŁ, Piotr. _d1997 - . _bPolitechnika Koszalińska - Wydział Inżynierii Lądowej, Środowiska i Geodezji, _cKatedra Matematyki |
|
| 773 |
_iW : _tJournal of Theoretical and Applied Mechanics. - _g2013, Vol. 51, nr 1, s. 225-234 |
||
| 942 |
_cPO _2UKD |
||
| 999 |
_c6698 _d6698 |
||